[Event "46th GRE-chT Premier 2018"]
[Site "Rio Achaia"]
[Date "2018.07.11"]
[Round "2"]
[White "Paehtz, Elisabeth"]
[Black "Pavlidou, Ekaterini"]
[Result "1-0"]
[WhiteElo "2489"]
[BlackElo "2186"]
[Annotator "ChessBase"]
[PlyCount "85"]
[EventDate "2018.07.10"]
[EventType "team-tourn"]
[EventCountry "GRE"]
[SourceTitle "playchess.com"]
[Source "ChessBase"]
[SourceQuality "1"]
[TimeControl "40/5400+30:1800+30"]

1. e4 {[%emt 0:00:00]} e5 {[%emt 0:00:17]} 2. Nf3 {[%emt 0:00:00]} Nc6 {[%emt 0:00:16]} 3. Bc4 {[%emt 0:00:20]} Bc5 {[%emt 0:01:18]} 4. d3 {[%emt 0:00:04]} h6 {[%emt 0:02:42]} 5. c3 {[%emt 0:00:29]} d6 {[%emt 0:03:29]} 6. h3 {[%emt 0:14:09]} Nge7 {[%emt 0:06:04]} 7. b4 {[%emt 0:07:27]} Bb6 {[%emt 0:00:14]} 8. a4 {[%emt 0:00:03]} a5 {[%emt 0:01:14]} 9. b5 {[%emt 0:00:49]} Nb8 {[%emt 0:00:30]} 10. Nbd2 {[%emt 0:03:09]} Nd7 {[%emt 0:01:33]} 11. Ba2 {[%emt 0:00:47]} Nc5 {[%emt 0:01:58]} 12. Nc4 {[%emt 0:02:07]} Ba7 {[%emt 0:07:48]} 13. O-O {[%emt 0:02:22]} g5 {[%emt 0:05:36]} 14. Re1 {[%emt 0:16:12]} Ng6 {[%emt 0:08:43]} 15. d4 {[%emt 0:00:24]} exd4 {[%emt 0:03:14]} 16. cxd4 {[%emt 0:00:45]} Ne6 {[%emt 0:00:08]} 17. Nxa5 {[%emt 0:11:59]} Nef4 {[%emt 0:01:31]} 18. Qb3 {[%emt 0:03:54]} Be6 {[%emt 0:04:20]} 19. Qc3 {[%emt 0:00:08]} Bxh3 {[%emt 0:06:41]} 20. gxh3 {[%emt 0:00:42]} Qd7 {[%emt 0:00:07]} 21. Qc4 {[%emt 0:13:53]} O-O {[%emt 0:06:29]} 22. Bxf4 {[%emt 0:00:44]} Nxf4 {[%emt 0:00:09]} 23. Re3 {[%emt 0:03:20]} Qxh3 {[%emt 0:07:35]} 24. Ne1 {[%emt 0:05:04]} Qg4+ {[%emt 0:00:15]} 25. Kf1 {[%emt 0:00:07]} Qh5 {[%emt 0:10:43]} 26. Kg1 {[%emt 0:00:47]} Qg4+ {[%emt 0:00:06]} 27. Kf1 {[%emt 0:00:05]} Qh5 {[%emt 0:00:05]} 28. Rg3 {[%emt 0:05:28]} Qh1+ {[%emt 0:01:05]} 29. Rg1 {[%emt 0:00:04]} Qxe4 {[%emt 0:01:10]} 30. Nb3 {[%emt 0:00:42]} Rae8 {[%emt 0:01:08]} 31. Qc2 {[%emt 0:02:51]} Qe6 {[%emt 0:00:46]} 32. Rg3 {[%emt 0:01:40]} Qd5 {[%emt 0:00:31]} 33. Ng2 {[%emt 0:01:02]} Nxg2 {[%emt 0:08:30]} 34. Rxg2 {[%emt 0:00:30]} Bxd4 {[%emt 0:00:49]} 35. Rd1 {[%emt 0:00:45]} Bc3 {[%emt 0:00:08]} 36. Nd2 {[%emt 0:01:32]} Qe5 {[%emt 0:03:31]} 37. Nf3 {[%emt 0:00:44]} Qg7 {[%emt 0:00:08]} 38. Nh4 {[%emt 0:01:34]} Qe5 {[%emt 0:03:05]} 39. Qg6+ {[%emt 0:01:03]} Qg7 {[%emt 0:00:13]} 40. Qd3 {[%emt 0:00:00]} Qe5 {[%emt 0:00:00]} 41. Rg3 {[%emt 0:01:52]} Qe4 {[%emt 0:02:55]} 42. Ng6 {[%emt 0:11:23]} Qxa4 {[%emt 0:02:46]} 43. Bc4 {[%emt 0:03:55]} 1-0

[Event "46th GRE-chT Premier 2018"]
[Site "Rio Achaia"]
[Date "2018.07.11"]
[Round "2"]
[White "Shoker, Samy"]
[Black "Barski, Radoslaw"]
[Result "1-0"]
[WhiteElo "2482"]
[BlackElo "2431"]
[Annotator "TA"]
[PlyCount "83"]
[EventDate "2018.07.10"]
[EventType "team-tourn"]
[EventCountry "GRE"]
[SourceTitle "playchess.com"]
[Source "ChessBase"]
[SourceQuality "1"]

{[%evp 20,83,30,22,30,22,29,32,41,25,35,-15,1,0,0,0,26,6,53,0,0,-75,39,32,43,15,35,53,54,0,40,13,209,8,14,12,11,19,16,7,9,8,183,192,193,196,200,189,199,209,193,183,247,195,162,165,175,183,203,166,1333,1332,1089,1233,1169,1197]} 1. g3 d5 2. Bg2 g6 3. Nf3 Bg7 4. O-O e5 5. d3 Ne7 6. e4 O-O 7. exd5 Nxd5 8. Bd2 {A07: Barcza-System (Königsfianchetto mit möglichen Übergängen in andere Systeme)} (8. Re1 Nc6 9. Nc3 Nde7 10. Rb1 a5 11. a3 Nf5 12. b4 axb4 13. axb4 Re8 14. b5 Ncd4 15. Nd2 Nd6 16. Nde4 Nxe4 17. Nxe4 {1-0 (69) Nepomniachtchi,I (2729)-Vidit,S (2715) Riadh 2017}) 8... Nc6 9. Nc3 Nde7 10. Re1 h6 11. b4 {LiveBook: 3 Partien} a6 {[%cal Ba7a6,Ba6a5][%mdl 32]} 12. a4 Nxb4 $146 ({Vorgänger:} 12... Nf5 13. Rb1 Nfd4 14. Nxd4 Nxd4 15. Ne4 Rb8 {0-1 (41) Hillarp Persson,T (2450)-Ulybin,M (2580) Stockholm 2002}) 13. Nxe5 Nf5 14. Rb1 a5 $1 15. Nf3 Be6 16. Ne4 b6 17. Bc3 c5 18. Bxg7 Kxg7 19. Qd2 (19. Ne5 $14) 19... Rc8 $11 20. Red1 {[#]} (20. Rbd1 $11 {bleibt in der Remisbreite.}) 20... Qd7 (20... Nd4 $1 $17 21. Rdc1 f5) 21. c3 $14 Nd5 22. Rb5 {Schwarz muss nun c4 beachten.} Qc7 23. Qb2 f6 $1 {Schwarz will ...Ld7 spielen.} 24. Qa1 (24. Nfd2 $14) 24... Nde7 25. Nfd2 Rfd8 $2 (25... Bd7 $11 {und Schwarz ist OK.}) 26. Nc4 $2 (26. Rdb1 $18) 26... Bxc4 27. dxc4 Nd6 $1 {[%cal Rd6b5]} 28. Nxd6 Rxd6 29. Re1 Rcd8 30. Qb1 Rd2 $2 (30... R8d7 $11 {und Schwarz muss sich keine Sorgen machen.}) 31. Rxb6 $18 Rd1 32. Rxd1 Rxd1+ 33. Qxd1 {Und weiter mit Tb7 wäre nett.} Qxb6 {[#]} 34. Qd7 $1 {[%cal Rd7e7]} Kf8 35. h4 Qb1+ (35... h5 $142 36. Bf3 Qb8) 36. Bf1 {Droht Dd8+ und aus.} Qb6 37. Bd3 h5 38. Be4 Qb8 39. Bb7 Kf7 $2 (39... g5) 40. Bd5+ {Weiß steht klar auf Gewinn.} Kf8 41. Qe6 {[%csl Gd5][%cal Re6f7]} Nxd5 42. cxd5 {Precision: Weiß = 52%, Schwarz = 35%.} ({Nicht} 42. Qxd5 Qc7 $16) 1-0

[Event "46th GRE-chT Premier 2018"]
[Site "Rio Achaia"]
[Date "2018.07.11"]
[Round "2"]
[White "Firat, Burak"]
[Black "Postny, Evgeny"]
[Result "0-1"]
[WhiteElo "2452"]
[BlackElo "2585"]
[Annotator "TA"]
[PlyCount "60"]
[EventDate "2018.07.10"]
[EventType "team-tourn"]
[EventCountry "GRE"]
[SourceTitle "playchess.com"]
[Source "ChessBase"]
[SourceQuality "1"]

{[%evp 19,60,12,26,0,22,0,0,0,0,0,0,0,0,0,7,0,15,0,55,10,4,8,27,20,25,20,19,-6,0,0,0,-9,-17,-12,0,-16,0,-9,0,0,0,-563,-562]} 1. e4 e5 2. Nf3 Nc6 3. Bc4 Nf6 4. d3 Bc5 5. O-O d6 6. c3 h6 7. a4 {C54: Giuoco Piano: 4 c3 Nf6, main lines with 5 d4 and 5 d3} (7. Re1 O-O 8. h3 a5 9. Nbd2 Be6 10. Bb5 Qb8 11. Nf1 Qa7 12. Re2 a4 13. Ng3 Qa5 14. Bxc6 bxc6 15. Nh4 Rfe8 16. Re1 {½-½ (28) Mamedyarov,S (2808)-Karjakin,S (2782) Stavanger 2018}) 7... a5 8. Re1 O-O 9. h3 Ba7 10. Nbd2 Ne7 {LiveBook: 4 Games} 11. d4 Ng6 12. Bf1 $146 ({Predecessor:} 12. Bb3 c6 13. Nf1 exd4 14. cxd4 d5 15. e5 Ne4 {0-1 (40) Tarlev,K (2559)-Macovei,A (2363) Slanic Moldova 2017}) 12... Re8 13. Qc2 Bd7 14. b3 d5 15. exd5 {[%cal Rf3e5]} exd4 {...Rxe1 is the strong threat.} 16. Rxe8+ Bxe8 17. c4 c6 18. Bb2 cxd5 (18... c5 $11) 19. cxd5 Nxd5 20. Bxd4 Nb4 21. Qb2 Bxd4 22. Nxd4 Qf6 {[#] And now ...Rd8 would win.} 23. Rb1 Nf4 {[%cal Bg6f4,Bf4d3,Bd3c5][%mdl 32]} 24. N2f3 Rd8 25. g3 Nfd3 $36 {[%mdl 2048] Black fights for an advantage.} 26. Qe2 Nc5 27. Rd1 b6 28. h4 Bd7 {[%cal Be8d7,Bd7c8,Bc8a6][%mdl 32]} 29. Ne5 Bc8 30. Nec6 $2 {[%mdl 8192] [#]} (30. f4 $11 {and White has nothing to worry.}) 30... Ba6 {Precision: White = 47%, Black = 57%.} 0-1

[Event "46th GRE-chT Premier 2018"]
[Site "Rio Achaia"]
[Date "2018.07.11"]
[Round "2"]
[White "Tzermiadianos, Andreas"]
[Black "Deligiannis, Paraskevas"]
[Result "1-0"]
[WhiteElo "2437"]
[BlackElo "2061"]
[Annotator "NA"]
[PlyCount "95"]
[EventDate "2018.07.10"]
[EventType "team-tourn"]
[EventCountry "GRE"]
[SourceTitle "playchess.com"]
[Source "ChessBase"]
[SourceQuality "1"]
[TimeControl "40/5400+30:1800+30"]

1. e4 {[%emt 0:00:00]} e5 {[%emt 0:00:00]} 2. Bc4 {[%emt 0:00:00]} Nf6 {[%emt 0:00:10]} 3. d3 {[%emt 0:00:00]} c6 {[%emt 0:01:15]} 4. Nf3 {[%emt 0:00:06]} d5 {[%emt 0:00:17]} 5. Bb3 {[%emt 0:00:02]} Bd6 {[%emt 0:00:26]} 6. Nc3 {[%emt 0:00:31]} dxe4 {[%emt 0:01:24]} 7. Ng5 {[%emt 0:03:43]} O-O {[%emt 0:00:20]} 8. Ngxe4 {[%emt 0:00:11]} Nxe4 {[%emt 0:01:01]} 9. Nxe4 {[%emt 0:02:00]} Bf5 {[%emt 0:01:43]} 10. Ng3 {[%emt 0:06:46]} Qd7 {[%emt 0:07:22]} 11. Nxf5 {[%emt 0:11:14]} Qxf5 {[%emt 0:00:07]} 12. g4 {[%emt 0:02:13]} Qf6 $11 {[%emt 0:15:46]} 13. h4 {[%emt 0:07:46]} Bc5 {[%emt 0:02:49]} 14. Qe2 {[%emt 0:05:25]} a5 {[%emt 0:01:53]} 15. a3 {[%emt 0:02:42]} a4 {[%emt 0:00:51]} 16. Ba2 {[%emt 0:00:35]} Na6 {[%emt 0:00:42]} 17. g5 {[%emt 0:06:01]} Qf5 {[%emt 0:02:39]} 18. Be3 {[%emt 0:02:16]} Be7 {[%emt 0:08:55]} 19. Rg1 {[%emt 0:03:14]} Nc7 {[%emt 0:05:38]} 20. Qg4 {[%emt 0:00:52]} Qxg4 {[%emt 0:00:53]} 21. Rxg4 {[%emt 0:00:02]} Kh8 {[%emt 0:04:05]} 22. O-O-O {[%emt 0:04:53]} Nd5 {[%emt 0:03:39]} 23. Re1 {[%emt 0:07:09]} Nxe3 {[%emt 0:03:24]} 24. Rxe3 {[%emt 0:00:53]} f5 {[%emt 0:04:03]} 25. gxf6 {[%emt 0:01:28]} Bxf6 {[%emt 0:02:45]} 26. h5 {[%emt 0:01:04]} Rad8 {[%emt 0:08:26]} 27. Kd1 {[%emt 0:04:34]} b5 {[%emt 0:01:26]} 28. c3 {[%emt 0:01:41]} Rde8 {[%emt 0:02:49]} 29. Ke2 {[%emt 0:00:35]} h6 {[%emt 0:03:45]} 30. Rf3 {[%emt 0:04:07]} Bg5 {[%emt 0:00:39]} 31. Bf7 {[%emt 0:04:48]} e4 {[%emt 0:08:12]} 32. dxe4 {[%emt 0:09:01]} Re7 {[%emt 0:00:16]} 33. Bg6 {[%emt 0:02:44]} Rxf3 {[%emt 0:00:07]} 34. Kxf3 {[%emt 0:00:03]} Bc1 {[%emt 0:00:19]} 35. Rg1 {[%emt 0:01:23]} Bg5 {[%emt 0:03:30]} 36. Rd1 {[%emt 0:00:42]} Rc7 {[%emt 0:00:34]} 37. e5 {[%emt 0:00:15]} Kg8 {[%emt 0:00:24]} 38. Ke4 {[%emt 0:00:51]} Kf8 {[%emt 0:00:22]} 39. f4 {[%emt 0:00:12]} Bh4 {[%emt 0:00:27]} 40. Kf3 {[%emt 0:00:00]} Be7 {[%emt 0:00:00]} 41. Ke4 {[%emt 0:03:46]} Bh4 {[%emt 0:03:23]} 42. Bf5 {[%emt 0:00:08]} Ke7 {[%emt 0:01:06]} 43. Rg1 {[%emt 0:00:14]} Ke8 {[%emt 0:00:55]} 44. Rg6 {[%emt 0:01:05]} Be1 {[%emt 0:03:58]} 45. Re6+ {[%emt 0:01:39]} Kf7 {[%emt 0:02:50]} 46. Rd6 {[%emt 0:00:43]} Ke7 {[%emt 0:00:23]} 47. Kf3 {[%emt 0:00:37]} Bh4 {[%emt 0:01:34]} 48. Be4 {[%emt 0:00:42]} 1-0

[Event "46th GRE-chT Premier 2018"]
[Site "Rio Achaia"]
[Date "2018.07.11"]
[Round "2"]
[White "Grivas, Efstratios"]
[Black "Kofidis, Andreas"]
[Result "1/2-1/2"]
[WhiteElo "2431"]
[BlackElo "2321"]
[Annotator "TA"]
[PlyCount "135"]
[EventDate "2018.07.10"]
[EventType "team-tourn"]
[EventCountry "GRE"]
[SourceTitle "playchess.com"]
[Source "ChessBase"]
[SourceQuality "1"]

{[%evp 14,135,32,27,30,31,38,45,46,47,58,64,83,70,72,76,69,65,76,81,95,103,145,161,140,106,147,125,140,104,141,136,130,149,129,143,150,118,115,55,60,78,79,83,89,71,87,89,102,99,204,204,226,206,192,120,110,110,127,86,99,110,100,101,99,85,98,95,180,95,75,0,91,89,168,63,52,56,112,115,118,0,0,0,0,8,42,0,160,0,137,116,132,128,100,8,8,10,23,0,6,0,0,0,0,0,0,0,0,0,0,0,0,0,0,0,0,0,0,0,0,0,0,0]} 1. d4 Nf6 2. Nf3 g6 3. c4 Bg7 4. Nc3 d5 5. Bg5 Ne4 6. Bh4 c6 {D91: Grünfeld: 4 Nf3 Bg7 5 Bg5} (6... Nxc3 7. bxc3 dxc4 8. e3 b5 9. a4 c6 10. Qb1 a6 11. Be2 Nd7 12. O-O Nb6 13. Ne5 Bxe5 14. dxe5 Nxa4 15. Bf3 Nxc3 16. Qb4 Nd5 17. Qc5 Bb7 {1-0 (40) Nakamura,H (2767)-Aronian,L (2797) Saint Louis 2014}) 7. e3 O-O 8. Qb3 {[%cal Rc4d5] LiveBook: 5 Games} Bf6 $146 {White has an edge.} ({Predecessor:} 8... Nxc3 9. bxc3 b6 10. Be2 Bb7 11. O-O Nd7 12. cxd5 cxd5 13. a4 Bf6 14. Bg3 Re8 15. Bb5 Rc8 16. a5 Bc6 17. Bxc6 Rxc6 18. Qxd5 Rxc3 {½-½ (88) Lajthajm,B (2437)-Sapale,S (2308) Novi Sad 2018}) 9. Bxf6 Nxf6 10. Bd3 dxc4 11. Bxc4 b5 12. Be2 Be6 13. Qc2 a5 14. O-O Na6 15. Rfd1 a4 16. Ng5 Nb4 17. Qd2 Qa5 18. Nxe6 fxe6 19. Bf3 a3 20. bxa3 Qxa3 21. Rab1 {Hoping for Nxb5!} Nfd5 22. Rb3 Qa6 23. a3 Nxc3 24. Qxc3 Nd5 25. Qc5 Qa4 26. Rdb1 (26. Qc2 $1 $16) 26... Qc4 $14 27. Bxd5 $1 exd5 28. Qxe7 Rf7 29. Qb4 Qxb4 30. axb4 $16 {[%mdl 4096] Endgame KRR-KRR} Ra2 31. R3b2 Rxb2 (31... Ra6 $16) 32. Rxb2 {KR-KR} Ra7 {( -> ...Ra1+)} 33. g4 Kf7 34. Kg2 (34. Rc2 $18) 34... Ke6 35. Kg3 h6 36. h4 Ra1 37. f3 Rg1+ 38. Kh2 Re1 39. Rb3 $1 Re2+ 40. Kg3 Re1 {[#]} (40... Ra2 $16) 41. Rc3 (41. g5 $1 $18 {[%cal Rg5h6]} hxg5 42. hxg5) 41... Kd6 42. Rb3 (42. Ra3 $16) 42... Rg1+ (42... Ke6 $1 $11) 43. Kh2 Re1 {[#]} (43... Ra1 $16 {might work better.}) 44. h5 (44. g5 $1 $18 {[%cal Rg5h6]} hxg5 45. hxg5) 44... gxh5 $14 45. gxh5 Re2+ (45... Ke6 $14) 46. Kg3 $16 Re1 47. Kf4 (47. f4 $16) 47... Rh1 $11 48. Rb2 Rh4+ 49. Kg3 Rh1 50. f4 Ke6 $2 (50... Rxh5 $11 51. Rb1 Ke6) 51. Kg4 $2 ({Better is} 51. Rc2 $16 Kd7 52. Kg4) 51... Rc1 (51... Rg1+ $11 {remains equal.} 52. Kf3 Rf1+ 53. Rf2 Rh1) 52. Kf3 Rf1+ 53. Rf2 Rh1 54. Rg2 (54. Rc2 $16 Kd6 55. Kg4) 54... Rxh5 55. Rg6+ Kd7 $1 56. Kg2 Kc7 {The position is equal.} 57. Re6 Kd7 58. Re5 Rh4 59. Rf5 Ke6 60. Re5+ Kd7 61. f5 Rg4+ 62. Kf2 Rg5 63. Kf3 Rg1 64. Re6 h5 65. Kf4 Rg4+ $1 66. Kf3 Rg1 67. Kf4 Rg4+ $1 68. Kf3 {Precision: White = 51%, Black = 54%.} 1/2-1/2

[Event "46th GRE-chT Premier 2018"]
[Site "Rio Achaia"]
[Date "2018.07.11"]
[Round "2"]
[White "Morozov, Nichita"]
[Black "Dochev, Dimitar"]
[Result "1-0"]
[WhiteElo "2429"]
[BlackElo "2399"]
[Annotator "NA"]
[PlyCount "91"]
[EventDate "2018.07.10"]
[EventType "team-tourn"]
[EventCountry "GRE"]
[SourceTitle "playchess.com"]
[Source "ChessBase"]
[SourceQuality "1"]
[TimeControl "40/5400+30:1800+30"]

1. d4 {[%emt 0:00:00]} Nf6 {[%emt 0:00:00]} 2. c4 {[%emt 0:00:00]} g6 {[%emt 0:00:00]} 3. Nc3 {[%emt 0:00:00]} Bg7 {[%emt 0:00:04]} 4. e4 {[%emt 0:00:00]} d6 {[%emt 0:00:08]} 5. h3 {[%emt 0:00:00]} O-O {[%emt 0:00:48] LiveBook: 3071 Games} 6. Be3 $14 {[%emt 0:00:00]} e5 {[%emt 0:04:53]} 7. d5 {[%emt 0:00:10]} Na6 {[%emt 0:05:18]} 8. Nf3 {[%emt 0:01:29]} Nh5 {[%emt 0:12:32]} 9. g3 {[%emt 0:00:03]} f5 {[%emt 0:08:26]} 10. exf5 {[%emt 0:00:08]} gxf5 {[%emt 0:00:07]} 11. Nh4 {[%emt 0:00:11]} Qe8 {[%emt 0:08:27]} 12. Be2 {[%emt 0:04:05]} Nf6 {[%emt 0:01:59]} 13. Qc2 {[%emt 0:02:11]} Nb4 {[%emt 0:15:47]} 14. Qb3 {[%emt 0:04:03]} a5 {[%emt 0:03:39]} 15. a3 {[%emt 0:01:29]} Na6 {[%emt 0:09:47]} 16. Qc2 {[%emt 0:00:08]} f4 {[%emt 0:04:23]} 17. gxf4 {[%emt 0:14:23]} exf4 {[%emt 0:00:06]} 18. Bd4 {[%emt 0:00:06]} Nd7 {[%emt 0:06:01]} 19. Rg1 {[%emt 0:05:28]} Ne5 {[%emt 0:00:07]} 20. Ne4 {[%emt 0:00:09]} Nc5 {[%emt 0:06:14]} 21. Nxc5 {[%emt 0:03:25]} dxc5 {[%emt 0:00:05]} 22. Bc3 {[%emt 0:00:03]} f3 {[%emt 0:08:45]} 23. Rxg7+ {[%emt 0:04:20]} Kxg7 {[%emt 0:00:03]} 24. Qe4 {[%emt 0:04:00]} fxe2 {[%emt 0:01:23]} 25. Bxe5+ {[%emt 0:00:03]} Kh6 {[%emt 0:00:22]} 26. Qe3+ {[%emt 0:05:05]} Kh5 {[%emt 0:00:07]} 27. Ng2 {[%emt 0:00:26]} Qg6 {[%emt 0:01:04]} 28. Qxe2+ {[%emt 0:01:31]} Kh6 {[%emt 0:00:05]} 29. Qe3+ {[%emt 0:02:52]} Kh5 {[%emt 0:00:05]} 30. Nf4+ {[%emt 0:00:37]} Rxf4 {[%emt 0:00:07]} 31. Qxf4 {[%emt 0:00:22]} Bxh3 {[%emt 0:03:23]} 32. Kd2 {[%emt 0:02:45]} Qg5 {[%emt 0:00:15]} 33. Rh1 {[%emt 0:02:00]} Qxf4+ {[%emt 0:00:08]} 34. Bxf4 {[%emt 0:00:02]} Kg4 {[%emt 0:00:09]} 35. Bxc7 {[%emt 0:00:13]} Rf8 {[%emt 0:00:16]} 36. Rg1+ {[%emt 0:04:21]} Kh4 {[%emt 0:00:39]} 37. f4 {[%emt 0:02:49]} h5 {[%emt 0:00:08]} 38. Ke3 {[%emt 0:01:09]} Bf5 {[%emt 0:01:37]} 39. Kf3 {[%emt 0:00:27]} Bg4+ {[%emt 0:00:05]} 40. Kf2 {[%emt 0:00:00]} Bd7 {[%emt 0:00:00]} 41. Rg7 {[%emt 0:03:07]} Bg4 {[%emt 0:05:06]} 42. Bd6 {[%emt 0:02:03]} Re8 {[%emt 0:01:09]} 43. Be7+ {[%emt 0:00:08]} Kh3 {[%emt 0:00:06]} 44. d6 {[%emt 0:01:21]} a4 {[%emt 0:00:54]} 45. Rg5 {[%emt 0:01:58]} b6 {[%emt 0:02:36]} 46. f5 {[%emt 0:00:14]} 1-0

[Event "46th GRE-chT Premier 2018"]
[Site "Rio Achaia"]
[Date "2018.07.11"]
[Round "2"]
[White "Warmerdam, Max"]
[Black "Mitsis, Georgios"]
[Result "1-0"]
[WhiteElo "2424"]
[BlackElo "2350"]
[Annotator "NA"]
[PlyCount "127"]
[EventDate "2018.07.10"]
[EventType "team-tourn"]
[EventCountry "GRE"]
[SourceTitle "playchess.com"]
[Source "ChessBase"]
[SourceQuality "1"]
[TimeControl "40/5400+30:1800+30"]

1. d4 {[%emt 0:00:00]} Nf6 {[%emt 0:02:13]} 2. c4 {[%emt 0:00:00]} e6 {[%emt 0:00:13]} 3. g3 {[%emt 0:00:00]} d5 {[%emt 0:01:49]} 4. Nf3 {[%emt 0:00:00]} Bb4+ {[%emt 0:01:54]} 5. Bd2 {[%emt 0:00:07]} Bd6 {[%emt 0:00:31]} 6. Bg2 {[%emt 0:01:36]} c6 {[%emt 0:03:23]} 7. O-O {[%emt 0:07:08]} Nbd7 {[%emt 0:00:42]} 8. Qb3 {[%emt 0:20:15]} O-O {[%emt 0:02:21]} 9. Rc1 {[%emt 0:10:05]} dxc4 {[%emt 0:05:23]} 10. Qxc4 {[%emt 0:18:13]} e5 {[%emt 0:03:30]} 11. Nc3 {[%emt 0:02:01]} exd4 {[%emt 0:09:29]} 12. Qxd4 {[%emt 0:00:54]} Bc5 {[%emt 0:06:16]} 13. Qh4 {[%emt 0:00:07]} Be7 {[%emt 0:09:46]} 14. Rd1 {[%emt 0:02:32]} Nd5 {[%emt 0:03:13]} 15. Qd4 {[%emt 0:14:19]} Bf6 {[%emt 0:03:42]} 16. Qd3 {[%emt 0:00:13]} Nxc3 {[%emt 0:14:14]} 17. Bxc3 {[%emt 0:00:05]} Bxc3 {[%emt 0:00:24]} 18. Qxc3 {[%emt 0:00:34]} Qe7 {[%emt 0:00:14]} 19. Nd4 {[%emt 0:03:05]} Nf6 {[%emt 0:06:13]} 20. Rd3 {[%emt 0:02:08]} Bd7 {[%emt 0:06:26]} 21. Rad1 {[%emt 0:00:24]} Rac8 {[%emt 0:03:32]} 22. Re3 {[%emt 0:02:46]} Qd6 {[%emt 0:01:29]} 23. Red3 {[%emt 0:04:44]} Qe7 {[%emt 0:01:00]} 24. Qd2 {[%emt 0:01:54]} c5 {[%emt 0:01:39]} 25. Nb3 {[%emt 0:01:30]} Be6 {[%emt 0:00:40]} 26. Na5 {[%emt 0:00:10]} Rb8 {[%emt 0:11:52]} 27. b3 {[%emt 0:00:14]} h6 {[%emt 0:00:06]} 28. Qc3 {[%emt 0:01:23]} Rfc8 {[%emt 0:00:35]} 29. Qe5 {[%emt 0:00:27]} Ng4 {[%emt 0:01:06]} 30. Qf4 {[%emt 0:00:08]} g5 {[%emt 0:00:26]} 31. Qe4 {[%emt 0:00:39]} Qf6 {[%emt 0:00:30]} 32. Qf3 {[%emt 0:06:02]} Qxf3 {[%emt 0:00:10]} 33. Bxf3 {[%emt 0:00:07]} Ne5 {[%emt 0:00:05]} 34. Bxb7 {[%emt 0:00:07]} Nxd3 {[%emt 0:00:51]} 35. Bxc8 {[%emt 0:00:05]} Nxf2 {[%emt 0:00:28]} 36. Kxf2 {[%emt 0:01:01]} Rxc8 {[%emt 0:00:02]} 37. Rc1 {[%emt 0:00:05]} Kf8 {[%emt 0:00:17]} 38. Nb7 {[%emt 0:00:12]} c4 {[%emt 0:01:38]} 39. Nd6 {[%emt 0:00:03]} Rc6 {[%emt 0:00:32]} 40. Nxc4 {[%emt 0:00:00]} Bxc4 {[%emt 0:00:00]} 41. Rxc4 {[%emt 0:06:31]} Re6 {[%emt 0:04:24]} 42. a4 {[%emt 0:02:37]} Kg7 {[%emt 0:01:00]} 43. b4 {[%emt 0:00:11]} a6 {[%emt 0:06:54]} 44. b5 {[%emt 0:01:30]} axb5 {[%emt 0:00:42]} 45. axb5 {[%emt 0:00:15]} Rb6 {[%emt 0:00:06]} 46. Rc5 {[%emt 0:02:38]} Rf6+ {[%emt 0:03:52]} 47. Ke1 {[%emt 0:00:53]} Rd6 {[%emt 0:00:53]} 48. Rc3 {[%emt 0:00:48]} Rb6 {[%emt 0:00:16]} 49. Rb3 {[%emt 0:00:16]} Kf6 {[%emt 0:00:05]} 50. Kd2 {[%emt 0:00:03]} Ke5 {[%emt 0:00:08]} 51. Kc3 {[%emt 0:00:11]} Kd5 {[%emt 0:01:39]} 52. Kb4 {[%emt 0:00:04]} Rb8 {[%emt 0:00:50]} 53. Rf3 {[%emt 0:02:18]} Ke6 {[%emt 0:00:23]} 54. Rc3 {[%emt 0:00:11]} h5 {[%emt 0:02:23]} 55. Rc6+ {[%emt 0:00:40]} Ke5 {[%emt 0:00:11]} 56. b6 {[%emt 0:00:14]} f5 {[%emt 0:00:42]} 57. Rg6 {[%emt 0:01:09]} h4 {[%emt 0:01:24]} 58. Kb5 {[%emt 0:01:21]} hxg3 {[%emt 0:00:28]} 59. hxg3 {[%emt 0:00:03]} g4 {[%emt 0:00:48]} 60. Rc6 {[%emt 0:01:21]} Kd5 {[%emt 0:01:55]} 61. Rc5+ {[%emt 0:01:12]} Ke6 {[%emt 0:00:23]} 62. Ka6 {[%emt 0:00:26]} Ra8+ {[%emt 0:00:18]} 63. Kb7 {[%emt 0:00:06]} Ra2 {[%emt 0:00:06]} 64. Kc7 {[%emt 0:00:31]} 1-0

[Event "46th GRE-chT Premier 2018"]
[Site "Rio Achaia"]
[Date "2018.07.11"]
[Round "2"]
[White "Zysk, Robert"]
[Black "Yilmaz, Mustafa"]
[Result "0-1"]
[WhiteElo "2421"]
[BlackElo "2624"]
[Annotator "ChessBase"]
[PlyCount "90"]
[EventDate "2018.07.10"]
[EventType "team-tourn"]
[EventCountry "GRE"]
[SourceTitle "playchess.com"]
[Source "ChessBase"]
[SourceQuality "1"]
[TimeControl "40/5400+30:1800+30"]

1. Nf3 {[%emt 0:00:00]} Nf6 {[%emt 0:00:00]} 2. c4 {[%emt 0:00:38]} e6 {[%emt 0:00:04]} 3. Nc3 {[%emt 0:00:06]} d5 {[%emt 0:01:14]} 4. d4 {[%emt 0:02:54]} Bb4 {[%emt 0:02:55]} 5. e3 {[%emt 0:04:42]} O-O {[%emt 0:00:41]} 6. Bd2 {[%emt 0:01:56]} b6 {[%emt 0:04:42]} 7. Rc1 {[%emt 0:11:42]} Bb7 {[%emt 0:02:52]} 8. cxd5 {[%emt 0:02:22]} exd5 {[%emt 0:00:51]} 9. Nb5 {[%emt 0:07:30]} Bxd2+ {[%emt 0:02:15]} 10. Nxd2 {[%emt 0:00:06]} a6 {[%emt 0:08:39]} 11. Nc3 {[%emt 0:00:06]} c5 {[%emt 0:01:31]} 12. Nf3 {[%emt 0:02:50]} c4 {[%emt 0:06:37]} 13. g3 {[%emt 0:02:51]} Nbd7 {[%emt 0:05:07]} 14. Bg2 {[%emt 0:00:25]} Re8 {[%emt 0:00:31]} 15. O-O {[%emt 0:00:09]} b5 {[%emt 0:00:41]} 16. a3 {[%emt 0:11:00]} Bc6 {[%emt 0:02:15]} 17. Nd2 {[%emt 0:00:39]} Nb6 {[%emt 0:07:25]} 18. Re1 {[%emt 0:03:09]} Ra7 {[%emt 0:01:24]} 19. Ne2 {[%emt 0:06:39]} Qd6 {[%emt 0:07:39]} 20. Nf4 {[%emt 0:02:04]} a5 {[%emt 0:03:08]} 21. h4 {[%emt 0:05:31]} g6 {[%emt 0:05:46]} 22. g4 {[%emt 0:05:19]} b4 {[%emt 0:03:28]} 23. g5 {[%emt 0:00:12]} Nfd7 {[%emt 0:01:08]} 24. Qg4 {[%emt 0:12:00]} bxa3 {[%emt 0:04:57]} 25. bxa3 {[%emt 0:00:04]} Qxa3 {[%emt 0:00:41]} 26. Nb1 {[%emt 0:02:37]} Qd6 {[%emt 0:01:43]} 27. Nc3 {[%emt 0:00:13]} a4 {[%emt 0:01:08]} 28. e4 {[%emt 0:01:11]} dxe4 {[%emt 0:09:06]} 29. d5 {[%emt 0:00:30]} f5 {[%emt 0:02:53]} 30. Qg3 {[%emt 0:04:27]} Ba8 {[%emt 0:00:12]} 31. Nb5 {[%emt 0:00:30]} Qb8 {[%emt 0:00:02]} 32. Nxa7 {[%emt 0:01:15]} Qxa7 {[%emt 0:00:01]} 33. h5 {[%emt 0:00:50]} Ne5 {[%emt 0:00:24]} 34. Bxe4 {[%emt 0:06:54]} fxe4 {[%emt 0:01:00]} 35. Rxe4 {[%emt 0:00:02]} Qf7 {[%emt 0:03:01]} 36. Rce1 {[%emt 0:01:32]} Nbd7 {[%emt 0:00:30]} 37. R1e3 {[%emt 0:02:05]} Rc8 {[%emt 0:06:43]} 38. hxg6 {[%emt 0:00:10]} hxg6 {[%emt 0:00:02]} 39. Qh3 {[%emt 0:00:46]} Rf8 {[%emt 0:04:32]} 40. Qe6 {[%emt 0:00:00]} Qxe6 {[%emt 0:00:00]} 41. Nxe6 {[%emt 0:07:39]} Rc8 {[%emt 0:09:55]} 42. Rxe5 {[%emt 0:01:39]} Nxe5 {[%emt 0:00:32]} 43. Rxe5 {[%emt 0:00:08]} c3 {[%emt 0:05:00]} 44. Nd4 {[%emt 0:00:11]} Kf7 {[%emt 0:03:42]} 45. Nc2 {[%emt 0:10:10]} Re8 {[%emt 0:04:56]} 0-1